02626cam a22004934i 4500003000900000005001700009008004100026020001500067020001800082035002000100040003300120049000900153082002100162100003700183245007600220264008500296300006000381336002100441337002500462338002300487490004700510504002800557505066900585505030301254526001001557526001001567526001001577526001001587526000801597526000801605526000801613526000801621526000801629526000801637526000801645650003501653650003801688942001401726994001401740596000601754999014901760980005501909952016801964PE-LiUPU20250731172905.0150623s r 000 0 d a080103339X a9780801033391 a(Sirsi) a166458 aPE-LiUPUbspacPE-LiUPUerda aPRUA04a227.607bP262231 aThompson, James,d1942-,eautor.00aPhilippians and Philemon /cJames W. Thompson and Bruce W. Longenecker. 1aGrand Rapids, MI :bBaker Academic, a division of Baker Publishing Group,c2016. axv, 223 páginas :bilustraciones ;c23 centímetros. atext2rdacontent aunmediated2rdamedia avolume2rdacarrier0 aPaideia: commentaries on the New Testament aIncluye bibliografía.0 aPHILIPPIANS / James W. Thompson. Introduction to Philippians. Philippians 1:1-11: Part 1, Exordium: Thanksgiving and Prayer for Moral Formation -- Philippians 1:12-26: Part 2, Narratio: The Present and Future Advance of the Gospel -- Philippians 1:27-30: Part 3, Propositio: Citizens United in an Alternative Commonwealth -- Philippians 2:1-4:1: Part 4, Probatio: Examples of Faithful Living -- Philippians 2:1-11: The Ultimate Example -- Philippians 2:12-18: Following the Example of Christ -- Philippians 2:19-30: The Examples of Timothy and Epaphroditus -- Philippians 3:1-4:1: The Example of Paul -- Philippians 4:2-23: Part 5, Peroratio: Summarizing the Case.0 aPHILEMON / Bruce W. Longenecker. Introduction to Philemon. Philemon 1-3: Setting the Scene, Part 1 -- Philemon 4-7: Philemon's Character, as Illustrated by His Past Actions -- Philemon 8-16: Setting the Scene, Part 2 -- Philemon 17-22: Living Up to the Character -- Philemon 23-25: Final Greetings. aSEG42 aSEG41 aSEG40 aSEG39 aP94 aP87 aP86 aP85 aP77 aP76 aP3504aBiblia.pFilemonvComentarios.04aBiblia.pFilepensesvComentarios. 2ddccBOOK aC0bPEPRU a1 a227.607 P26wLCc15197i75251f2021-11-9g5lCCODEBUL1mBULr0sYtBOOKu2017-1-24xTEOLOGIAPP850COMPRAo.STAFF. Colección Teologíad15197 81gALBERTO SANCHEZ Responsable de Automatización r2025-12-03 00:00:00i6l1o227.607 P26p75251s2025-03-26te1w2017-01-24xPGyBKzinventario-2023-12-13102ddc50708GENfP85aBULbBULcGENd2017-01-24eCOMPRA